Welcome to CU Library Online Public Access Catalogue (OPAC)

Leading change / (Record no. 1778)

MARC details
000 -LEADER
fixed length control field 00804cam a2200241 a 4500
001 - CONTROL NUMBER
control field 4470726
005 - DATE AND TIME OF LATEST TRANSACTION
control field 20241129164432.0
008 - FIXED-LENGTH DATA ELEMENTS--GENERAL INFORMATION
fixed length control field 960424s1996 maua 000 0 eng
020 ## - INTERNATIONAL STANDARD BOOK NUMBER
International Standard Book Number 0875847471 (alk. paper)
050 00 - LIBRARY OF CONGRESS CALL NUMBER
Classification number HD58.8
Item number .K65 1996
082 00 - DEWEY DECIMAL CLASSIFICATION NUMBER
Classification number 658.4/06
Edition information 20
100 1# - MAIN ENTRY--PERSONAL NAME
Personal name Kotter, John P.,
Dates associated with a name 1947-
245 10 - TITLE STATEMENT
Title Leading change /
Statement of responsibility, etc. John P. Kotter.
260 ## - PUBLICATION, DISTRIBUTION, ETC.
Place of publication, distribution, etc. Boston, Mass. :
Name of publisher, distributor, etc. Harvard Business School Press,
Date of publication, distribution, etc. c1996.
300 ## - PHYSICAL DESCRIPTION
Extent x, 187 p. :
Other physical details ill. ;
Dimensions 24 cm.
650 #0 - SUBJECT ADDED ENTRY--TOPICAL TERM
Topical term or geographic name entry element Organizational change.
650 #0 - SUBJECT ADDED ENTRY--TOPICAL TERM
Topical term or geographic name entry element Leadership.
650 #0 - SUBJECT ADDED ENTRY--TOPICAL TERM
Topical term or geographic name entry element Industrial organization.
650 #0 - SUBJECT ADDED ENTRY--TOPICAL TERM
Topical term or geographic name entry element Strategic planning.
856 7# - ELECTRONIC LOCATION AND ACCESS
Materials specified Table of contents
Uniform Resource Identifier <a href="http://lcweb.loc.gov/catdir/toc/96-20263.html">http://lcweb.loc.gov/catdir/toc/96-20263.html</a>
Access method http
856 4# - ELECTRONIC LOCATION AND ACCESS
Materials specified Table of Contents
Uniform Resource Identifier <a href="http://lcweb.loc.gov/catdir/toc/96020263.html">http://lcweb.loc.gov/catdir/toc/96020263.html</a>
942 ## - ADDED ENTRY ELEMENTS (KOHA)
Source of classification or shelving scheme Library of Congress Classification
Koha item type Books
Suppress in OPAC No
999 ## -
-- 1778
-- 1778
Holdings
Withdrawn status Lost status Source of classification or shelving scheme Damaged status Not for loan Collection Home library Current library Shelving location Date acquired Total checkouts Full call number Barcode Date last seen Copy number Price effective from Koha item type
    Library of Congress Classification     Non-fiction Business Library (Miotso) Business Library (Miotso) General stacks 11/29/2024   HD58.8 .K65 1996 BSSM00000301 11/29/2024 1 11/29/2024 Books
    Library of Congress Classification     Non-fiction Business Library (Miotso) Business Library (Miotso) General stacks 11/29/2024   HD58.8 .K65 1996 BSSM00000302 11/29/2024 2 11/29/2024 Books
    Library of Congress Classification     Non-fiction Business Library (Miotso) Business Library (Miotso) General stacks 11/29/2024   HD58.8 .K65 1996 BSSM00000303 11/29/2024 3 11/29/2024 Books
    Library of Congress Classification     Non-fiction Business Library (Miotso) Business Library (Miotso) General stacks 11/29/2024   HD58.8 .K65 1996 BSSM00000304 11/29/2024 4 11/29/2024 Books
    Library of Congress Classification     Non-fiction Business Library (Miotso) Business Library (Miotso) General stacks 11/29/2024   HD58.8 .K65 1996 BSSM00000305 11/29/2024 5 11/29/2024 Books
    Library of Congress Classification     Non-fiction Business Library (Miotso) Business Library (Miotso) General stacks 11/29/2024   HD58.8 .K65 1996 BSSM00000306 11/29/2024 6 11/29/2024 Books
© 2023-2024 Copyright: Central University Libraries. All Rights Reserved | Created by: Mahone Tech Office